Sociología de la comunicación

Saved in:
Bibliografiske detaljer
Main Authors: Lucas Marín, Antonio (autor), García Galera, Carmen (Author), Ruiz San Román, José Antonio (Author)
Format: Bog
Sprog:spansk
Udgivet: Madrid Trotta 1999
Serier:Colección Estructuras y Procesos. Serie Ciencias Sociales
Fag:
Tags: Tilføj Tag
Ingen Tags, Vær først til at tagge denne postø!

MARC

LEADER 00000nam a2200000 a 4500
001 UCL7859
003 CL-VaPUC
008 040604e19990000SP |||||||||||||||||spa|d
020 |a 8481643017 
082 0 4 |a 302.2  |b LUC  |2 21 
100 |a Lucas Marín, Antonio  |e autor  |9 531749 
700 0 |a García Galera, Carmen  |e author  |9 485772 
700 0 |a Ruiz San Román, José Antonio  |e author  |9 485773 
245 1 0 |a Sociología de la comunicación 
300 |a 276 p 
942 |c BK 
945 |d 20040604 00:00:00  |a cmena 
260 |a Madrid  |b Trotta  |c 1999 
650 0 |a Comunicación   |9 257251 
650 0 |a Medios de comunicación  |9 257206 
650 0 |a Ciencias sociales  |v Investigación  |9 307767 
650 0 |a Comunicación interpersonal   |9 307498 
650 7 |a COMUNICACION DE MASAS  |2 CL-VaPUC  |9 334823 
583 |a last modification  |c 20040604 00:00:00  |k Rodrigo Vera 
490 0 |a Colección Estructuras y Procesos. Serie Ciencias Sociales 
999 |c 309416  |d 309414 
952 |0 0  |1 0  |4 0  |6 302_200000000000000_LUC_1999  |7 0  |8 A  |9 376855  |a BIBGIM  |b BIBGIM  |d 2019-11-21  |i 4022548  |o 302.2 LUC 1999  |p 4022548  |r 2025-01-15  |w 2019-11-21  |y BK  |k SSL